| Поле | Инд. | ПП | Название | Значение |
|---|---|---|---|---|
| Тип записи | a | |||
| Библиографический уровень | a | |||
| 001 | Контрольный номер | RU/IS/BASE/101484456 | ||
| 005 | Дата корректировки | 20240321084955.2 | ||
| 084 | a | Индекс другой классификации/Индекс ББК | 66.1(4Вел)4 | |
| 090 | 00 | a | Полочн. индекс | 66.1(0)я43я7 |
| x | Авторский знак | А 724 | ||
| 100 | 10 | a | Автор | Мор Т. |
| q | Полное имя | Мор Томас | ||
| 245 | 00 | a | Заглавие | Золотая книга, столь же полезная, как забавная, о наилучшем устройстве государства и о новом его острове Утопии |
| 246 | 00 | a | Другая форма заглавия | Утопия |
| 500 | 00 | a | Примечание | Печатается по: Мор Т. Золотая книга, столь же полезная, как забавная, о наилучшем устройстве государства и о новом его острове Утопии. Москва, Ленинград, 1935. С.52, 53, 83, 84, 90-94, 100, 107, 108, 110, 139, 168 |
| 650 | 04 | a | Основная рубрика | история политических учений |
| a | Основная рубрика | политика | ||
| 653 | 00 | a | Ключевые слова | XV век |
| a | Ключевые слова | XVI век | ||
| a | Ключевые слова | Англия | ||
| a | Ключевые слова | государственное устройство | ||
| a | Ключевые слова | государство | ||
| a | Ключевые слова | законы | ||
| a | Ключевые слова | общество | ||
| a | Ключевые слова | средние века | ||
| a | Ключевые слова | утопизм | ||
| a | Ключевые слова | утопия | ||
| 773 | 00 | d | Дата издания источника | Москва, 1997 |
| g | Прочая информация | Т.I. - С. 276-281 | ||
| t | Заглавие источника | Антология мировой политической мысли | ||
| w | Контрольный № источника | RU/IS/BASE/101567570 | ||
| 787 | 18 | w | Контрольный номер связываемой записи | RU/IS/BASE/171551347 |
| w | Контрольный номер связываемой записи | RU/IS/BASE/264550266 | ||
| w | Контрольный номер связываемой записи | RU/IS/BASE/103052840 | ||
| 901 | t | Тип документа | a |